000 01080nam a2200289 a 4500
001 000011512
003 DO-SdBNP
005 20240412074227.0
008 091019s2002 dr 000 f spa d
020 _a9993461326
040 _aDO-SdBNP
_bspa
_cBNHU
082 4 _aRD863.44
_bB598j
_222
100 1 _aBillini, Francisco
_927240
245 1 0 _aJuan Manuel :
_bBaní, el amargo café y las montoneras /
_cFrancisco Billini; edición José Miguel Germán; prólogo Walter Cordero.
260 _aSanto Domingo :
_bBúho,
_c2002.
300 _a277 p. ;
_c22 cm.
500 _aIncluye datos biográficos del autor en la solapa de la cubierta
590 _aInventariado, 2020/MFF
650 4 _aNovela histórica dominicana
_y1884 - 1930
_927241
650 0 _aLiteratura dominicana.
_967
650 4 _aCiudades y pueblos
_zRepública Dominicana
_9784
651 4 _aBani (República Dominicana)
_xHistoria local
_96339
700 1 2 _aGermán, José Miguel
_eed.
_924828
700 1 2 _aCordero, Walter
_epról.
_916854
910 _aValidado. Control de calidad MFF
942 _2ddc
_cLBS1
999 _c11213
_d11213